00371nam a2200145Ia 4500008004100000020001500041041001200056082001600068100001200084245006400096260002900160300000800189650001400197700001400211221030s9999 xx 000 0 und d a8176565237 aEnglish a105.23bJai aM. Jain 0aComputer Organization & Architecturecby M. Jain, V. Pillai bBPB PubaNew Delhic2006 a302 aComputers aV. Pillai